| 000 | 00781nam a22002177a 4500 | ||
|---|---|---|---|
| 005 | 20110928141955.0 | ||
| 010 | _aG-001443 | ||
| 020 |
_c875.00 _a9788183564526 |
||
| 035 | 1 | d | _aG-001443 |
| 037 | _bGift (Indina Tax Institute) | ||
| 082 | _a512 | ||
| 100 |
_aSharma, A.K. _934981 |
||
| 245 |
_aApplied college algebra / _cby A.K. Sharma |
||
| 260 |
_aNew Delhi _bDiscovery Publishing House _c2009 |
||
| 270 |
_a4831/24, Ansari Road, Prahlad Street, Darya Ganj _bNew Delhi _e110002 |
||
| 300 |
_avi, 273p. _c24cm(Hb) |
||
| 500 | _aIncludes bibliographical references and index | ||
| 942 |
_2ddc _cEN _h512 _mSHA |
||
| 999 |
_c57107 _d57107 |
||